England Test Players in the 2020s - Statistics

General Stats
  • This quiz has been taken 131 times
  • The average score is 35 of 46
Answer Stats
Hint Answer % Correct
Yorkshire (2012-2024), batter Joe Root
97%
Lancashire (2003-2024), fast bowler James Anderson
96%
Nottinghamshire (2007-2023), fast bowler Stuart Broad
96%
Durham (2013-2024), batting all rounder Ben Stokes
95%
Yorkshire (2012-2024), wicketkeeper Jonny Bairstow
95%
Kent (2019-2024), opening batter Zak Crawley
94%
Nottinghamshire (2016-2024), opening batter Ben Duckett
93%
Surrey (2024), wicketkeeper Jamie Smith
91%
Warwickshire (2013-2024), bowling all rounder Chris Woakes
90%
Somerset (2018-2024), off spinner Jack Leach
90%
Sussex (2019-2021), fast bowler Jofra Archer
90%
Durham (2015-2024), fast bowler Mark Wood
90%
Surrey (2018-2024), wicketkeeper Ben Foakes
89%
Lancashire (2014-2022), wicketkeeper Jos Buttler
88%
Surrey (2018-2024), batter Ollie Pope
88%
Surrey (2018-2022) opening batter Rory Burns
88%
Yorkshire (2022-2024), batter Harry Brook
87%
Glamorgan, on loan from Somerset (2024), off spinner Shoaib Bashir
85%
Warwickshire (2014-2024), bowling all rounder Moeen Ali
82%
Nottinghamshire (2023), fast bowler Josh Tongue
81%
Surrey (2019-2021), opening batter Dom Sibley
79%
Nottinghamshire (2016-2022), opening batter Haseeb Hameed
78%
Surrey (2022), batting all rounder Jamie Overton
78%
Somerset (2017-2022), bowling all rounder Craig Overton
77%
Surrey (2024), fast bowler Gus Atkinson
77%
Leicestershire (2022-2024), leg spinner Rehan Ahmed
77%
Durham (2022-2024), fast bowler Matthew Potts
76%
Surrey (2018-2021), bowling all rounder Sam Curran
75%
Durham (2022), opening batter Alex Lees
73%
Durham (2024), bowling all rounder Brydon Carse
73%
Sussex (2021-2024), fast bowler Ollie Robinson
70%
Yorkshire (2018-2021), off spinner Dom Bess
68%
Kent (2022), wicketkeeper Sam Billings
64%
Warwickshire (2024), batting all rounder Jacob Bethell
63%
Kent (2019-2020),batter Joe Denly
62%
Lancashire (2022), batting all rounder Liam Livingstone
61%
Lancashire (2024), off spinner Tom Hartley
60%
Surrey, (2022),opening batting all rounder Will Jacks
60%
Nottinghamshire (2019-2024), fast bowler Olly Stone
59%
Lancashire (2022), fast bowler Saqib Mahmood
59%
Surrey, (2021-2024), opening batter Dan Lawrence
57%
Kent (2022), leg spinner Matt Parkinson
57%
Leicestershire (2024), fast bowler Josh Hull
56%
Yorkshire (2017-2022), batter Dawid Malan
52%
Gloucestershire (2021), wicketkeeper James Bracey
52%
Surrey (2022), fast bowler Matthew Fisher
49%
No matching quizzes found
Score Distribution
Percent of People with Each Score
Percentile by Number Answered
Your Score History
You have not taken this quiz